00853cam a22002771 4500001001300000003000400013005001700017008004100034010001700075035002000092040001800112042001200130043001200142050002100154100003800175245002500213260001000238300002900248500002700277500005700304500009200361504003100453650004400484700003000528999001700558sa 66000429 DLC20260227112215.0900220s1965 ii b 000 0 sano  asa 66000429  a(OCoLC)21100741 aDLCcWaUdDLC apremarc aa-ii---00aPK2916b.C5 19650 aCitradhara,dactive 18th century.10aVirataraṅgiṇī. c1965. axvii, 42, [1] p.c22 cm. aAdded t.p. in English. aIn Sanskrit; pref., introd. and contents in English. a"An alphabetical list of books and authors cited or referred to by Citradhara": p. [43] aBibliographical footnotes. 0aSanskrit poetryxHistory and criticism.1 aJha, Trilokanatha,d1934- c67252d67252